Konsonanttiin päättyvät maat - Statistics

Yleistilastot
  • Tätä visaa on pelattu 1 448 kertaa
    1 447 viimeisimmän päivityksen jälkeen
  • Keskiarvotulos 38 / 53
Vastaustilastot
Maa % Oikein
Afganistan
86%
Iran
86%
Turkmenistan
86%
Irak
85%
Uzbekistan
85%
Pakistan
84%
Tadžikistan
83%
Jemen
79%
Kazakstan
79%
Yhdysvallat
79%
Israel
78%
Oman
78%
Vietnam
78%
Azerbaidžan
77%
Nepal
77%
Bhutan
76%
Laos
74%
Niger
74%
Bahrain
73%
Benin
73%
Madagaskar
73%
Marshallinsaaret
73%
Sudan
73%
Filippiinit
71%
Luxemburg
71%
Qatar
71%
Salomonsaaret
71%
Bangladesh
70%
Kypros
69%
Liechtenstein
69%
Etelä-Sudan
68%
Komorit
68%
Libanon
68%
Kuwait
67%
Tšad
67%
Alankomaat
66%
Honduras
66%
Seychellit
66%
Gabon
65%
Saint Kitts ja Nevis
65%
Saint Vincent ja Grenadiinit
65%
Senegal
65%
Malediivit
64%
Mauritius
64%
Myanmar
64%
Taiwan
64%
Yhdistyneet arabiemiirikunnat
64%
Barbados
63%
El Salvador
62%
Mosambik
62%
Ecuador
61%
Itä-Timor
59%
Kamerun
58%
Ehtoja vastaavia visoja ei löytynyt
Tulosjakauma
Jokaisen tuloksen saaneiden osuus
Persentiili vastausten määrän mukaan
Tuloshistoriasi
Et ole pelannut tätä visaa sen viimeisimmän päivityksen jälkeen